[Event "IECC O-1934"]
[Site "IECC email"]
[Date "2004.03.31"]
[Round "?"]
[White "Bernas, Mike"]
[Black "Aga, Shahvir"]
[Result "0-1"]
[WhiteElo "1403"]
[BlackElo "1400"]
[PlyCount "32"]
[EventDate "2004.??.??"]
[EventType "swiss (corr)"]
[EventRounds "2"]
[SourceTitle "Corr 2020"]
[Source "ChessBase"]
[SourceDate "2019.09.30"]
[SourceVersion "1"]
[SourceVersionDate "2019.09.30"]
[SourceQuality "1"]
[WhiteTeam "Canada"]
[BlackTeam "India"]
[WhiteTeamCountry "CAN"]
[BlackTeamCountry "IND"]

1. g4 d5 2. Bg2 Bxg4 3. c4 c6 4. Qb3 Qc7 5. cxd5 Nf6 6. Nc3 e5 7. d3 Be7 8. Bd2 0-0 9. 0-0-0 a5 10. Kb1 Nbd7 11. dxc6 bxc6 12. Rc1 Nc5 13. Qc4 Be6 14. Nb5 cxb5 15. Qxb5 Nd5 16. Bh3 Rfb8 0-1